000 00428nam a2200121Ia 4500
008 220620s9999||||xx |||||||||||||| ||und||
245 0 _aAmyotrophic Lateral Sclerosis
_bRecent Advances and Therapeutic Challenges
546 _aEnglish[eng]
650 _aNeurology & clinical neurophysiology
700 _aHegde, Muralidhar L.
856 _uhttps://mts.intechopen.com/storage/books/8172/authors_book/authors_book.pdf
942 _cEB
999 _c29742
_d29742